Significant Cities of Brazilian Diaspora - Statistics

General Stats
  • This quiz has been taken 35 times
  • The average score is 26 of 30
Answer Stats
Overseas Brazilians Country City % Correct
75,000 Spain Barcelona
100%
80,000 Argentina Buenos Aires
100%
70,000 Ireland Dublin
100%
180,000 Portugal Lisbon
100%
220,000 United Kingdom London
100%
90,000 Spain Madrid
100%
92,000 Italy Milan
100%
500,000 United States New York
100%
90,100 France Paris
100%
70,000 Italy Rome
100%
56,079 Japan Tokyo
100%
380,000 United States Boston
97%
45,000 United States Chicago
97%
115,000 United States Los Angeles
97%
70,000 Portugal Porto
97%
65,000 United States San Francisco
97%
45,000 Australia Sydney
97%
475,000 United States Miami
93%
51,000 Germany Munich
93%
90,000 Canada Toronto
93%
65,000 Netherlands Amsterdam
90%
90,000 United States Houston
86%
48,000 Paraguay Asunción
83%
47,955 Germany Frankfurt
79%
45,000 United States Washington
66%
120,000 United States Atlanta
62%
80,000 French Guiana Cayenne
52%
119,298 Japan Nagoya
52%
70,000 United States Hartford
21%
98,000 Paraguay Ciudad del Este
17%
No matching quizzes found
Score Distribution
Percent of People with Each Score
Percentile by Number Answered
Your Score History
You have not taken this quiz